National Park Quiz - Canyonlands - Statistics

General Stats
  • This quiz has been taken 5 times
  • The average score is 9 of 16
Answer Stats
Hint Answer % Correct
One of the major rivers that converge in Canyonlands National Park Colorado River
100%
US State Utah
100%
Closest town to Canyonlands National Park Moab
80%
Year designated as a national park 1964
60%
Nearby state park, named after an animal you shouldn't beat Dead Horse Point
60%
The other major river that converges in Canyonlands National Park Green River
60%
The most visited district of the park, home to the park headquarters and named for its position high above the canyons Island in the Sky
60%
The second most popular district of the park, known for its colorful spires Needles
60%
Fastest land mammal in North America, which has a large population in Canyonlands Pronghorn
60%
Either of the four counties in that state where Canyonlands is located San Juan, Wayne, Garfield, and Grand
60%
The third most popular district, very remote and easy to get lost inside The Maze
60%
Native Americans who left structures and petroglyphs behind in places like Salt Creek and Newspaper Rock Ancestral Puebloans
40%
The most famous arch in the park, popular during sunrise Mesa Arch
40%
Nearest other site managed by the National Park Service, with an enormous arch mainly accessible by boat Rainbow Bridge National Monument
40%
Collective nickname of all the national parks in the state The Mighty Five
40%
Enormous 150 foot tall arch, named for its resemblance to Stonehenge Druid Arch
20%
No matching quizzes found
Score Distribution
Percent of People with Each Score
Percentile by Number Answered
Your Score History
You have not taken this quiz